000 00401nam a2200169Ia 4500
008 230524s9999 xx 000 0 und d
020 _a9788120320635
082 _a5.45
_bTAE
100 _aAndrew S.Tanenbaum
245 0 _aModern Operating Systems
250 _a2ND
260 _aNEW DELHI
_bPHI
_c2002
300 _aXXI;935
500 _aQuantity Number: 55
650 _aComp-Sc
942 _cBK
999 _c17563
_d17563